000 01172cam a2200277 a 4500
003 EG-GiCUC
005 20250223030227.0
008 100511s1971 ua f m 000 0 eng d
040 _aEG-GiCUC
_beng
_cEG-GiCUC
041 0 _aeng
049 _aGift
097 _aPh.D
099 _aCai01.11.18.Ph.D.1971.Ju.S
100 0 _aJuliette Demian Guirguis
245 1 0 _aStudy of effect of exercise, smoking and some drugs on thrombotic tendency in bilharzial hepatic fibrosis /
_cJuliette Demian Guirguis ; Supervised Ernest S. Shalaby , Baheya Elmasri
246 1 5 _aدراسة تأثير المجهود والتدخين وبعض العقاقير الطبية على قابلية الدم للتجلط فى حالات الكبد البلهارسى
260 _aCairo :
_bJuliette Demian Guirguis ,
_c1971
300 _a239Leaves ;
_c30cm
502 _aThesis (Ph.D.) - Cairo University - Faculty of Medicine - Depertment of Internal Medicine
700 0 _aBaheya Elmasri ,
_eSupervisor
700 0 _aErnest S. Shalaby ,
_eSupervisor
856 _uhttp://172.23.153.220/th.pdf
905 _aFatma
_eCataloger
905 _aNazla
_eRevisor
942 _2ddc
_cTH
999 _c30259
_d30259